|
|
|
|
| LEADER |
01195nam a2200265 a 4500 |
| 001 |
16436445 |
| 008 |
120626s2010 enka b 001 0 eng d |
| 010 |
|
|
|a 2010502296
|
| 020 |
|
|
|a 9780194422932 (pbk.)
|
| 020 |
|
|
|a 0194422933 (pbk.)
|
| 040 |
|
|
|a UKM
|c UKM
|d BTCTA
|d YDXCP
|d DLC
|d BD-DhAAL
|
| 082 |
0 |
4 |
|a 418.0071
|2 22
|
| 100 |
1 |
|
|a Bachman, Lyle F.,
|d 1944-
|
| 245 |
1 |
0 |
|a Language assessment in practice :
|b developing language assessments and justifying their use in the real world /
|c Lyle Bachman and Adrian Palmer.
|
| 260 |
|
|
|a Oxford ;
|a New York :
|b Oxford University Press,
|c c2010.
|
| 300 |
|
|
|a x, 510 p. :
|b ill. ;
|c 24 cm.
|
| 490 |
1 |
|
|a Oxford applied linguistics.
|
| 504 |
|
|
|a Includes bibliographical references (p. [486]-493) and index.
|
| 541 |
|
|
|e 00025497
|
| 650 |
|
0 |
|a Language and languages
|x Ability testing.
|
| 650 |
|
0 |
|a Language and languages
|x Study and teaching.
|
| 700 |
1 |
|
|a Palmer, Adrian S.,
|d 1940-
|
| 852 |
4 |
|
|a Ayesha Abed Library
|j General shelf.
|
| 999 |
|
|
|c 12437
|d 12437
|
| 952 |
|
|
|0 0
|1 0
|4 0
|6 418_007100000000000_BAC
|7 0
|9 20590
|a BRACUL
|b BRACUL
|c GEN
|d 2012-07-01
|e Karim International
|g 1343.55
|l 4
|m 7
|o 418.0071 BAC
|p 3010025497
|r 2024-09-28
|s 2024-05-28
|t 1
|w 2012-07-01
|y BK
|x Available
|